Alle Länder mit Portugiesisch als Landessprache - Statistiken

Allgemein
  • Dieses Quiz wurde 27 mal gespielt
  • Das Durchschnittsergebnis liegt bei 5 aus 9
Antwortstatistiken
Kontinent Land % Korrekt
Europa Portugal
100%
Südamerika Brasilien
92%
Afrika Angola
68%
Afrika São Tomé und Príncipe
56%
Afrika Mosambik
52%
Afrika Äquatorial-Guinea
48%
Afrika Guinea-Bissau
48%
Afrika Kap Verde
48%
Asien Osttimor
36%
Keine übereinstimmenden Quizze gefunden
Verteilung der Resultate
Anzahl Personen mit jedem Resultat
Perzentil nach korrekt beantworteten Fragen
Ihre Resultats-Entwicklung
Sie haben dieses Quiz noch nicht gespielt